000 00188 a2200097 4500
001 5034
100 _aGoodwin,HL
245 _aSpace travel
260 _a
_bHareap
_c
090 _c4188
_d4188
942 _aNUST-CAE
_cM
_c30476
999 _c240107
_d240107